000 00599cam a2200193 i 4500
001 190961
003 ES-MaACL
005 20230906223905.0
008 220905s1995 sp 001 0 spa d
020 _a8489327009
040 _auned.
_bspa.
_cuned
080 _a615(085)
245 0 0 _aVademecum internacional :
_bV-I : especialidades farmacéuticas : productos y artículos de parafarmacia : métodos de diagnóstico.
250 _a36 ed.
260 _aMadrid :
_bMedicom,
_c1995.
300 _a1 v. (pag. var.)
650 4 _aMedicamentos.
_914884
852 _aES-MaACL
_jVAD 615(085) "1995"
999 _c190961
_d190961